Chemie pro 3. ročník gymnázií

Podrobná bibliografia
Hlavný autor: Čársky, Jozef, 1935 júl 30.- (Autor)
Médium: Kniha
Jazyk:čeština
Fyzický popis:251, [1] s. 8°
Vydavateľské údaje: Praha Státní pedagogické nakladatelství 1990
ISBN:8004249221
Vydanie:2. vyd.
Edícia:Učebnice pro střední školy
Predmet:

MARC

LEADER 00000nam a2200000 a 4500
001 vtls001332985
003 SK-MaSNL
005 20260416164850.0
008 251113s1990 xr 0 cze
020 |a 8004249221 
035 |a SNK000285899 
040 |a SNK  |b slo  |c SNK  |e AACR2 
041 0 |a cze 
044 |a CZ 
080 |a 54(075.3)  |2 1981 
245 1 |a Chemie pro 3. ročník gymnázií  |c naps. Jozef Čársky ; ze slov. orig. přel. Bohumil Máca 
250 |a 2. vyd. 
260 |a Praha  |b Státní pedagogické nakladatelství  |c 1990 
300 |a 251, [1] s.  |c 8° 
490 1 |a Učebnice pro střední školy 
650 0 7 |a chémia  |x učebnice gymn. (4. roč.)  |2 SNK  |9 385390 
700 1 |a Čársky, Jozef,  |d 1935 júl 30.-  |4 aut  |9 198148 
830 0 |a Učebnice pro střední školy  |9 280536 
919 |a 80-04-24922-1 
958 |a RK 
958 |a OND 
999 |c 632511  |d 634441 
952 |a SNK  |b SNK  |y PREZ  |7 0  |p 17A0929426  |o snkSC 76747   |0 0  |1 0  |4 0  |d 2012-08-11  |l 0  |r 2026-02-23 17:28:24  |w 2026-02-23 
952 |t P60, <03>, [BOOK], {603}  |a SNK  |b SNK  |y PREZ  |7 0  |o snkSC 76747  |i snkKIP 3919/90  |0 0  |1 0  |4 0  |d 1998-06-02  |l 0  |r 2005-01-02 00:00:00  |w 2026-02-23 
952 |t P60, <04>, [BOOK], {604}  |a SNK  |b SNK  |y VYP  |7 0  |p 17A0166142  |o snkSC 76747 D1  |0 0  |1 0  |4 0  |d 1998-10-19  |l 0  |r 2005-01-02 00:00:00  |w 2026-02-23